প্রটোকল ও শিষ্টাচার / (Record no. 5457)
[ view plain ]
| 000 -LEADER | |
|---|---|
| fixed length control field | 00709nam a2200229 a 4500 |
| 001 - CONTROL NUMBER | |
| JCCL Control Number | 5457 |
| 003 - CONTROL NUMBER IDENTIFIER | |
| JCCL marc code | BD-JhCC |
| 005 - DATE AND TIME OF LATEST TRANSACTION | |
| control field | 20171214173229.0 |
| 008 - FIXED-LENGTH DATA ELEMENTS--GENERAL INFORMATION | |
| fixed length control field | 171214s1991 bg |||| ||a| 000 0 ben d |
| 035 ## - SYSTEM CONTROL NUMBER | |
| system control number | (BD-JhCC)5457 |
| 040 ## - CATALOGING SOURCE | |
| Original cataloging agency | BD-JhCC |
| Modifying agency | BD-JhCC |
| 041 ## - LANGUAGE CODE | |
| Language code of Book | ben |
| 082 ## - DEWEY DECIMAL CLASSIFICATION NUMBER | |
| Classification number | 395 |
| Author mark and Year | FAR 1991 |
| 100 ## - MAIN ENTRY--PERSONAL NAME | |
| Personal name | ফারুক, এম, এম, আল |
| 245 ## - TITLE STATEMENT | |
| Title | প্রটোকল ও শিষ্টাচার / |
| Statement of responsibility, etc | এম, এম, আল ফারুক (সম্পাদনা) |
| 260 ## - PUBLICATION, DISTRIBUTION, ETC. (IMPRINT) | |
| Place of publication, distribution, etc | নেত্রকোনা : |
| Name of publisher, distributor, etc | এম, অশোক, |
| Date of publication, distribution, etc | 1991. |
| 300 ## - PHYSICAL DESCRIPTION | |
| Pagination | 95 p. : |
| Dimensions | 21 cm. |
| 650 ## - SUBJECT ADDED ENTRY--TOPICAL TERM | |
| Topical term or geographic name as entry element | Etiquette |
| Geographic subdivision | Bangladesh |
| 650 ## - SUBJECT ADDED ENTRY--TOPICAL TERM | |
| Topical term or geographic name as entry element | Manners |
| Geographic subdivision | Bangladesh |
| 942 ## - ADDED ENTRY ELEMENTS (KOHA) | |
| Source of classification or shelving scheme | Dewey Decimal Classification |
| Koha item type | Books |
| Source of classification or shelving scheme | Damaged status | Not for loan | Home library | Current library | Shelving location | Date of accession | Cost, normal purchase price | Total Checkouts | Full call number | Barcode | Date last seen | Copy number | Koha item type |
|---|---|---|---|---|---|---|---|---|---|---|---|---|---|
| Dewey Decimal Classification | JCC Rouf Library | JCC Rouf Library | General Stacks | 12/14/2017 | 65.00 | 395 FAR 1991 | 7526 | 12/14/2017 | C-1 | Books |